000 01579nam a2200385 c 4500
003 BLK
005 20230110113911.0
008 180408b bul|||||r ||||||| ||bul||
010 _aKNG00078066000
020 _a978-954-585-809-3
_bиздат.: Бард
040 _aBLK
041 _aBUL
_cBUL
080 _aПаметници на културата на историческите периоди. Археологическите паметници. Старини
_b904
_x(02.062)
_z904(02.062)
100 1 _aГарднър, Лорънс
_eпърви автор
_9255659
700 1 _aГечева, Боряна
_eпрев. от англ.
_9250667
139 _aГарднър, Лорънс
_bГ 23
245 1 0 _aИзгубените тайни на Свещения кивот
_cЛорънс Гарднър; прев. от англ. Боряна Гечева.
257 _aGBR
260 София
_bБард
_c2007
300 _a431 с.
_bс ил., к., сх.
_c21 см
380 _a9
490 1 _aПоредица Загадки и мистерии
500 _aОриг. загл. Lost Secrets of the Sacred Ark / Laurence Gardner. - Офс. изд. - Съдържа и Генеалогии.
650 4 _aРеликви
_9169315
653 _aКивот
653 _aСтар Завет
653 _aхристиянска символика
653 _aокултизъм
653 _aреликви
852 _aЦб 235910
856 4 _qpdf
_u
856 4 _qpdf
_u
942 _cKNG
_n0
_08
944 _aCR
_c02.10.2007
_kЛюдмила_Стоянова
944 _aED
_c04.08.2008
_k
999 _c73671
_d73671